| 000 | 00404nam a2200145 a 4500 | ||
|---|---|---|---|
| 001 | 000041339 | ||
| 005 | 20201002034813.0 | ||
| 008 | 131001s1977 xxu 000 0 spa d | ||
| 040 |
_aDO-SdBNP _bspa _cBNPHU |
||
| 082 |
_axxx _bssss |
||
| 100 | 1 |
_aEscobar, Samuel _967981 |
|
| 245 | 1 | 0 |
_aIrrupción juvenil. / _cSamuel Escobar. |
| 260 |
_aMiami, Estados Unidos : _bCaribe, _c1977. |
||
| 300 |
_a96 p. ; _c20 cm. |
||
| 999 |
_c40829 _d40829 |
||